International Oar Designs (Hard) - Statistics

General Stats
  • This quiz has been taken 7 times
  • The average score is 15 of 28
Answer Stats
Picture Answer % Correct
Croatia
100%
Hungary
100%
Japan
100%
Malaysia
100%
New Zealand
100%
Nigeria
100%
Norway
100%
Panama
100%
South Korea
100%
United Kingdom
100%
Egypt
75%
Nepal
75%
China
50%
Ireland
50%
Sweden
50%
United States of America
50%
Albania
25%
Australia
25%
Brazil
25%
Fiji
25%
Philippines
25%
Bangladesh
0%
Cayman Islands
0%
Denmark
0%
El Salvador
0%
Eswatini
0%
India
0%
Kazakhstan
0%
No matching quizzes found
Score Distribution
Percent of People with Each Score
Percentile by Number Answered
Your Score History
You have not taken this quiz